000 00766cam a2200241 a 4500
001 13561167
005 20180215040752.0
008 040416s2005 njua b 001 0 eng
010 _a 2004040147
020 _a0131898345 (student : alk. paper)
020 _a0131332759 (professional : alk. paper)
040 _aDLC
_cDLC
_dDLC
041 _aeng
080 _a160 irw
082 0 0 _a160 irw
_222
100 1 _a49
101 _apsi
245 1 0 _aIntroduction to logic /
_cIrving M. Copi, Carl Cohen.
504 _aIncludes bibliographical references and index.
906 _a7
_bcbc
_corignew
_d1
_eocip
_f20
_gy-gencatlg
942 _2ddc
_cBK
999 _c42602
_d42602